| 000 | 01343naa a22003257a 4500 | ||
|---|---|---|---|
| 001 | BR8105517 | ||
| 003 | BR-BrBNA | ||
| 005 | 20240918174849.0 | ||
| 007 | ta | ||
| 008 | 230509b bl.||||| |||| 00| 0 por d | ||
| 040 |
_aBR-BrBNA _bpor _cBiblioteca Nacional de Agricultura |
||
| 041 | _a(Pt) | ||
| 072 |
_aF25; F00 _b0180 _b3830 |
||
| 090 | _aF25 BR8105517 | ||
| 100 | 1 | _aBarbo, C.V.S. | |
| 100 | 1 | _aNakayama, L.H.I. | |
| 100 | 1 | _aRichetti, A. | |
| 111 | 1 |
_a8. Reuniao da Comissao Norte Brasileira de Pesquisa de Trigo _cBelo Horizonte, MG (Brazil) _d11 Jan 1982 |
|
| 245 | 1 |
_aEfeito da aplicacao de niveis de fosforo de diferentes fontes fosfatadas na cultura do trigo [Triticum spp; Fertilizante fosfatado; Pratica cultural; Rendimento] _bProjeto 004-80-081-9 - Fontes de fosforo para a cultura do trigo |
|
| 260 | 3 |
_aDourados, MS (Brasil): _c1981. |
|
| 500 | _aResultados de pesquisa com trigo obtidos na UEPAE Dourados em 1981 Dourados, MS (Brasil): 1981. p. 63-65 (BR8105517-AM)F25 | ||
| 650 | _aTRIGO | ||
| 650 | _aFERTILIZANTE FOSFATADO | ||
| 650 | _aPRATICA CULTURAL | ||
| 650 | _aFOSFORO | ||
| 650 | _aRENDIMENTO | ||
| 773 | 0 |
_tResultados de pesquisa com trigo obtidos na UEPAE Dourados em 1981 _wF25 BR8105517 _gDourados, MS (Brasil), 1981. p. 63-65 |
|
| 909 |
_a202404 _bLucia _c55 _dLucia Elande |
||
| 942 |
_cAM _2AGRIS |
||
| 999 |
_c314080 _d314080 |
||